[Event "Prague Summer op 9th"]
[Site "Prague"]
[Date "2022.08.08"]
[Round "5"]
[White "Krivanek, Vladimir"]
[Black "Guz, Ari"]
[Result "1/2-1/2"]
[WhiteElo "2152"]
[BlackElo "2308"]
[PlyCount "60"]
[EventDate "2022.08.05"]
[EventType "swiss"]
[EventRounds "9"]
[EventCountry "CZE"]
[SourceTitle "CBM 209 Extra"]
[Source "ChessBase"]
[SourceDate "2022.09.30"]
[SourceVersion "1"]
[SourceVersionDate "2022.09.30"]
[SourceQuality "1"]

1. Nf3 Nf6 2. c4 e6 3. b3 d5 4. Bb2 Be7 5. e3 b6 6. d3 Bb7 7. Nbd2 c5 8. g4 h6 9. Rg1 Nbd7 10. Qc2 Qc7 11. cxd5 exd5 12. d4 0-0-0 13. Bd3 Kb8 14. 0-0-0 Rc8 15. Ba3 Rhe8 16. Kb1 c4 17. Bxe7 Rxe7 18. Bf5 c3 19. Nf1 g6 20. Bd3 Ne4 21. Ne1 Qd6 22. f3 Ng5 23. h4 Ne6 24. Qh2 Qxh2 25. Nxh2 Ng7 26. Nc2 h5 27. g5 Rce8 28. Rge1 Nf8 29. Nf1 Nfe6 30. Ng3 a5 1/2-1/2

[Event "CZE-ch"]
[Site "Usti nad Labem"]
[Date "2022.05.14"]
[Round "1"]
[White "Krivanek, Vladimir"]
[Black "Kraus, Tomas"]
[Result "0-1"]
[WhiteElo "2180"]
[BlackElo "2472"]
[PlyCount "70"]
[EventDate "2022.05.14"]
[EventType "swiss"]
[EventRounds "9"]
[EventCountry "CZE"]
[SourceTitle "CBM 208 Extra"]
[Source "ChessBase"]
[SourceDate "2022.07.31"]
[SourceVersion "1"]
[SourceVersionDate "2022.07.31"]
[SourceQuality "1"]

1. Nf3 d5 2. c4 d4 3. b4 Bg4 4. e3 e5 5. exd4 e4 6. Qe2 Qe7 7. h3 Bh5 8. g4 exf3 9. Qxe7+ Bxe7 10. gxh5 Bf6 11. Nc3 Bxd4 12. Bd3 Nf6 13. 0-0 0-0 14. Ba3 Nbd7 15. Rfe1 Rfe8 16. h6 Ne5 17. Bf1 g5 18. Rac1 c6 19. Ne4 Nxe4 20. Rxe4 Rad8 21. Rce1 f5 22. Rxd4 Rxd4 23. d3 Rdd8 24. Bb2 Ng6 25. Rd1 Kf7 26. Bc1 Nf4 27. Be3 Kg6 28. Kh2 Ne2 29. Rd2 Nd4 30. a4 f4 31. Bxd4 Rxd4 32. Rd1 Kxh6 33. b5 c5 34. b6 a6 35. h4 g4 0-1

[Event "Prague Summer op-A 8th"]
[Site "Prague"]
[Date "2021.08.12"]
[Round "8"]
[White "Krivanek, Vladimir"]
[Black "Mica, Marek"]
[Result "1/2-1/2"]
[WhiteElo "2166"]
[BlackElo "2316"]
[PlyCount "208"]
[EventDate "2021.08.06"]
[EventType "swiss"]
[EventRounds "9"]
[EventCountry "CZE"]
[SourceTitle "CBM 203 Extra"]
[Source "ChessBase"]
[SourceDate "2021.09.30"]
[SourceVersion "1"]
[SourceVersionDate "2021.09.30"]
[SourceQuality "1"]

1. Nc3 d5 2. e4 e6 3. d4 Nf6 4. Bg5 Bb4 5. e5 h6 6. Be3 Ne4 7. Qg4 g6 8. Bd3 Nxc3 9. a3 Ba5 10. Bd2 c5 11. bxc3 cxd4 12. cxd4 Bxd2+ 13. Kxd2 Nc6 14. Ne2 Bd7 15. Rhb1 Na5 16. h4 h5 17. Qf4 Rc8 18. Ng1 Qc7 19. Nf3 Ba4 20. Ra2 Qc3+ 21. Ke2 Rc7 22. Qf6 Rg8 23. Ng5 Nc6 24. Nf3 b5 25. Qf4 a6 26. g4 Re7 27. Rg1 hxg4 28. Rxg4 Rf8 29. Ng5 Kd7 30. Nh7 Rh8 31. Nf6+ Kc8 32. Qe3 Kb7 33. Kf1 Rc8 34. Rf4 Rec7 35. Ng4 Rh8 36. Nh2 Rh7 37. Nf3 Rg7 38. Ng5 Na5 39. Qf3 Nc4 40. Kg2 Nd2 41. Qe2 Nb1 42. Qf3 Nxa3 43. Nxf7 Nxc2 44. Nd8+ Kc8 45. Bxc2 Qxf3+ 46. Kxf3 Rc3+ 47. Ke2 Kxd8 48. Bxa4 bxa4 49. Rxa4 Rc6 50. Rf8+ Kc7 51. Rb4 Rh7 52. Rfb8 Kd7 53. Rg8 Kc7 54. Rxg6 Rxh4 55. Rg7+ Kc8 56. Rg8+ Kc7 57. Rg7+ Kc8 58. Ke3 Rc3+ 59. Kd2 Rc6 60. f3 a5 61. Ra4 Ra6 62. Ke3 Rh1 63. Kf4 Rb1 64. Kg5 Rg1+ 65. Kf6 Rxg7 66. Kxg7 Kd7 67. Kf7 Kc6 68. Kxe6 Kb5+ 69. Kxd5 Kxa4 70. e6 Kb3 71. e7 Ra8 72. f4 a4 73. f5 a3 74. f6 a2 75. f7 a1Q 76. e8Q Qa5+ 77. Ke6 Qb6+ 78. Ke7 Qb4+ 79. Ke6 Qe1+ 80. Kd7 Ra7+ 81. Kd6 Qb4+ 82. Ke6 Qb6+ 83. Ke5 Qc7+ 84. Kf6 Qf4+ 85. Kg7 Qxd4+ 86. Kg8 Qg4+ 87. Kh7 Qh5+ 88. Kg7 Qg5+ 89. Kh7 Qh4+ 90. Kg7 Qg3+ 91. Kh7 Qh2+ 92. Kg7 Qg1+ 93. Kh7 Qh1+ 94. Kg7 Qg2+ 95. Kh7 Qh3+ 96. Kg7 Qg4+ 97. Kh7 Qh5+ 98. Kg7 Qg5+ 99. Kh7 Re7 100. Qxe7 Qxe7 101. Kg8 Qg5+ 102. Kh8 Qf6+ 103. Kg8 Qg6+ 104. Kh8 Qxf7 1/2-1/2

[Event "Liberec Desko op"]
[Site "Liberec"]
[Date "2021.07.23"]
[Round "8"]
[White "Krivanek, Vladimir"]
[Black "Vitak, Jiri"]
[Result "0-1"]
[WhiteElo "2180"]
[BlackElo "2203"]
[PlyCount "88"]
[EventDate "2021.07.17"]
[EventType "swiss"]
[EventRounds "9"]
[EventCountry "CZE"]
[SourceTitle "CBM 203 Extra"]
[Source "ChessBase"]
[SourceDate "2021.09.30"]
[SourceVersion "1"]
[SourceVersionDate "2021.09.30"]
[SourceQuality "1"]

1. d4 Nf6 2. Nf3 e6 3. c4 d5 4. Nc3 c6 5. e3 Nbd7 6. Bd3 dxc4 7. Bxc4 b5 8. Be2 Bb7 9. 0-0 a6 10. a3 c5 11. dxc5 Bxc5 12. b4 Be7 13. Bb2 0-0 14. Qd4 Nb6 15. Rfd1 Rc8 16. Qe5 Qc7 17. Rac1 Bxf3 18. Qxc7 Rxc7 19. gxf3 Rfc8 20. Kf1 Kf8 21. Ke1 Nc4 22. Bxc4 Rxc4 23. Ne2 Nd5 24. Rxc4 Rxc4 25. Rc1 Nb6 26. Rxc4 Nxc4 27. Bc1 Bf6 28. Kd1 Ke7 29. Kc2 Bh4 30. Ng3 f5 31. f4 Kd6 32. Kd3 Bxg3 33. hxg3 e5 34. fxe5+ Nxe5+ 35. Kd4 Nf3+ 36. Kd3 Kd5 37. Bb2 g6 38. Ke2 Ke4 39. Bg7 h5 40. Bf6 g5 41. Kf1 Kd3 42. Be7 g4 43. Bc5 Nd2+ 44. Ke1 Nc4 0-1

[Event "Prague Summer op 7th"]
[Site "Prague"]
[Date "2020.08.09"]
[Round "3"]
[White "Krivanek, Vladimir"]
[Black "Neuman, Petr"]
[Result "0-1"]
[WhiteElo "2210"]
[BlackElo "2380"]
[PlyCount "80"]
[EventDate "2020.08.08"]
[EventType "swiss"]
[EventRounds "9"]
[EventCountry "CZE"]
[SourceTitle "CBM 197 Extra"]
[Source "ChessBase"]
[SourceDate "2020.09.30"]
[SourceVersion "1"]
[SourceVersionDate "2020.09.30"]
[SourceQuality "1"]

1. Nc3 d5 2. d4 Nf6 3. Bg5 c5 4. e3 Nc6 5. Bxf6 gxf6 6. Qh5 e6 7. Nf3 Bd7 8. Bd3 Rc8 9. 0-0 f5 10. Bb5 Bg7 11. Ne2 0-0 12. Bxc6 bxc6 13. c3 Qb6 14. Rab1 cxd4 15. exd4 c5 16. Rfe1 Qd6 17. Qh4 f6 18. Nf4 cxd4 19. cxd4 e5 20. Nh5 e4 21. Nxg7 Kxg7 22. Nd2 f4 23. Nb3 Kh8 24. Nc5 Bf5 25. Qh5 Bg6 26. Qh3 f5 27. b4 Rg8 28. Rb3 Qf6 29. Rd1 Rc7 30. Qh6 f3 31. Ra3 f4 32. g3 e3 33. Ra6 e2 34. Re1 Qxd4 35. Rxg6 Rxg6 36. Qf8+ Rg8 37. Qf5 fxg3 38. hxg3 Rxg3+ 39. Kh2 Qh4+ 40. Qh3 Qxh3# 0-1

[Event "CZE-chT2C 1920"]
[Site "Czech Republic"]
[Date "2020.06.27"]
[Round "10.4"]
[White "Krivanek, Vladimir"]
[Black "Kucera, Tomas"]
[Result "1/2-1/2"]
[WhiteElo "2176"]
[BlackElo "1993"]
[PlyCount "118"]
[EventDate "2019.10.13"]
[EventType "team-tourn"]
[EventRounds "11"]
[EventCountry "CZE"]
[SourceTitle "EXT 2024"]
[Source "ChessBase"]
[SourceDate "2023.10.10"]
[SourceVersion "1"]
[SourceVersionDate "2023.10.10"]
[SourceQuality "1"]
[WhiteTeam "Bakov nad Jizerou"]
[BlackTeam "Kobylisy II"]
[WhiteTeamCountry "CZE"]
[BlackTeamCountry "CZE"]

1. c4 Nf6 2. g3 g6 3. Bg2 Bg7 4. Nc3 0-0 5. d3 d6 6. Bd2 Nc6 7. Nf3 e5 8. Qc1 Re8 9. Bh6 Bh8 10. h3 e4 11. dxe4 Nxe4 12. Nxe4 Rxe4 13. Ng5 Re7 14. e3 Ne5 15. 0-0 c6 16. Rd1 f6 17. Ne4 Nf7 18. Bf4 Rxe4 19. Bxe4 Qe7 20. Qc2 f5 21. Bd3 g5 22. Bxf5 Bxf5 23. Qxf5 gxf4 24. gxf4 Bf6 25. Kh2 Kh8 26. Rg1 Rf8 27. Qh5 Qe6 28. Rg6 Rg8 29. Rxg8+ Kxg8 30. Rg1+ Kh8 31. b3 b6 32. Qf3 Nd8 33. a4 a5 34. Rg3 Bh4 35. Rg2 Bf6 36. Kh1 Qf5 37. e4 Qe6 38. Qg3 Qf7 39. e5 Be7 40. f5 dxe5 41. Qxe5+ Qf6 42. f4 Nf7 43. Qe6 Qh4 44. Qe3 Nd6 45. Qe6 Nf7 46. Qe3 Nd6 47. Qe5+ Qf6 48. Qe6 Qxe6 49. fxe6 Ne4 50. Kg1 Nc5 51. f5 Nxb3 52. Rb2 Nc5 53. Rxb6 Kg7 54. Rxc6 Kf6 55. Rc7 Nxa4 56. Kg2 Nc5 57. Kf3 a4 58. Ra7 a3 59. Rxa3 Kxf5 1/2-1/2

[Event "Klatovy op 27th"]
[Site "Klatovy"]
[Date "2019.07.01"]
[Round "3"]
[White "Krivanek, Vladimir"]
[Black "Hausner, Ivan"]
[Result "0-1"]
[WhiteElo "2166"]
[BlackElo "2370"]
[PlyCount "58"]
[EventDate "2019.06.29"]
[EventType "swiss"]
[EventRounds "9"]
[EventCountry "CZE"]
[SourceTitle "EXT 2020"]
[Source "ChessBase"]
[SourceDate "2019.10.17"]
[SourceVersion "1"]
[SourceVersionDate "2019.10.17"]
[SourceQuality "1"]

1. e4 c5 2. Nf3 d6 3. d4 cxd4 4. Nxd4 Nf6 5. Nc3 Nc6 6. Bg5 e6 7. Qd2 a6 8. f4 Bd7 9. Be2 Be7 10. 0-0-0 b5 11. Bf3 Rc8 12. Bxf6 gxf6 13. Nxc6 Bxc6 14. f5 b4 15. fxe6 bxc3 16. exf7+ Kxf7 17. Bh5+ Kg7 18. Qxc3 Bxe4 19. Qg3+ Bg6 20. Rd2 Rc5 21. Be2 Qb6 22. h4 Rb8 23. c3 Qa5 24. h5 Qxc3+ 25. Qxc3 Rxc3+ 26. Kd1 Be4 27. Rh4 Re3 28. Bxa6 f5 29. h6+ Kf7 0-1

[Event "CZE-chT2C 1819"]
[Site "Czech Republic"]
[Date "2018.12.02"]
[Round "4.4"]
[White "Krivanek, Vladimir"]
[Black "Fencl, Pavel"]
[Result "1-0"]
[WhiteElo "2113"]
[BlackElo "2030"]
[PlyCount "59"]
[EventDate "2018.10.14"]
[EventType "team-tourn"]
[EventRounds "11"]
[EventCountry "CZE"]
[SourceTitle "EXT 2022"]
[Source "ChessBase"]
[SourceDate "2021.10.06"]
[SourceVersion "1"]
[SourceVersionDate "2021.10.06"]
[SourceQuality "1"]
[WhiteTeam "Bakov nad Jizerou"]
[BlackTeam "Lysa nad Labem IV"]
[WhiteTeamCountry "CZE"]
[BlackTeamCountry "CZE"]

1. Nf3 d6 2. d4 Nd7 3. Bg5 Ngf6 4. Nc3 e5 5. e4 Be7 6. Bc4 0-0 7. Qd2 c6 8. a4 a6 9. 0-0 Qc7 10. h3 Re8 11. a5 b5 12. axb6 Qxb6 13. Be3 Qc7 14. Qe2 Nb6 15. Bxa6 exd4 16. Nxd4 c5 17. Ndb5 Bxa6 18. Nxc7 Bxe2 19. Nxa8 Bxf1 20. Nxb6 Bd8 21. Nc8 Bc7 22. Nxd6 Bxd6 23. Kxf1 h6 24. Ra4 Nd7 25. f4 Nb6 26. Ra6 Nc4 27. Bc1 Bf8 28. e5 Rd8 29. b3 Nd2+ 30. Ke2 1-0

[Event "Prague Summer op-A 5th"]
[Site "Prague"]
[Date "2018.08.10"]
[Round "9"]
[White "Krivanek, Vladimir"]
[Black "Pribylova, Sofie"]
[Result "1/2-1/2"]
[WhiteElo "2147"]
[BlackElo "1977"]
[PlyCount "54"]
[EventDate "2018.08.03"]
[EventType "swiss"]
[EventRounds "9"]
[EventCountry "CZE"]
[SourceTitle "CBM 185 Extra"]
[Source "ChessBase"]
[SourceDate "2018.07.29"]
[SourceVersion "1"]
[SourceVersionDate "2018.07.29"]
[SourceQuality "1"]

1. c4 Nf6 2. Nf3 g6 3. g3 Bg7 4. Bg2 0-0 5. 0-0 d5 6. cxd5 Nxd5 7. d4 Nc6 8. e4 Nb6 9. d5 Na5 10. Nc3 c6 11. Nd4 cxd5 12. exd5 e6 13. Nb3 Nxb3 14. Qxb3 exd5 15. Nxd5 Be6 16. Rd1 Re8 17. Be3 Nxd5 18. Bxd5 Qf6 19. Bd4 Bxd5 20. Qxd5 Qe7 21. Bxg7 Kxg7 22. Qd4+ Kg8 23. Rac1 b6 24. b4 Rad8 25. Qf4 Rxd1+ 26. Rxd1 Qe2 27. Rd2 Qb5 1/2-1/2

[Event "Prague Summer op-A 5th"]
[Site "Prague"]
[Date "2018.08.04"]
[Round "2"]
[White "Plischki, Sebastian"]
[Black "Krivanek, Vladimir"]
[Result "1-0"]
[WhiteElo "2407"]
[BlackElo "2147"]
[PlyCount "119"]
[EventDate "2018.08.03"]
[EventType "swiss"]
[EventRounds "9"]
[EventCountry "CZE"]
[SourceTitle "CBM 185 Extra"]
[Source "ChessBase"]
[SourceDate "2018.07.29"]
[SourceVersion "1"]
[SourceVersionDate "2018.07.29"]
[SourceQuality "1"]

1. c4 e5 2. Nc3 f5 3. d4 exd4 4. Qxd4 Nc6 5. Qe3+ Qe7 6. Nd5 Qxe3 7. Bxe3 Bb4+ 8. Bd2 Bxd2+ 9. Kxd2 Kd8 10. Nh3 Nge7 11. g3 Ne5 12. b3 c6 13. Ne3 Kc7 14. Bg2 d6 15. f4 Nd7 16. Nf2 Nf6 17. h3 Nh5 18. Bf3 Nf6 19. g4 g6 20. g5 Ne8 21. h4 h5 22. Nf1 Rf8 23. Ng3 Ng7 24. Nd3 Be6 25. Rhe1 d5 26. cxd5 cxd5 27. e3 Rac8 28. Ne2 Rfd8 29. Nd4 Bd7 30. Ne5 Be8 31. b4 Kb8 32. a4 Nc6 33. Ndxc6+ Bxc6 34. Rec1 Be8 35. Rxc8+ Kxc8 36. Rc1+ Kb8 37. Rc5 d4 38. Rd5 dxe3+ 39. Kxe3 Ne6 40. Rxd8+ Nxd8 41. Bd5 Kc7 42. Kd4 Kd6 43. a5 b6 44. axb6 axb6 45. Nc4+ Kc7 46. Ke5 Bc6 47. Ne3 Be8 48. Kf6 Kd6 49. Bf3 b5 50. Bd5 Bc6 51. Bxc6 Nxc6 52. Kxg6 Nxb4 53. Kxf5 Nd3 54. g6 Ke7 55. Kg5 Kf8 56. f5 b4 57. f6 b3 58. Nc4 b2 59. Nxb2 Nxb2 60. Kh6 1-0

[Event "Prague Golden op 14th"]
[Site "Prague"]
[Date "2018.07.04"]
[Round "5"]
[White "Krivanek, Vladimir"]
[Black "Koper, Stefan"]
[Result "1-0"]
[WhiteElo "2109"]
[BlackElo "1841"]
[PlyCount "115"]
[EventDate "2018.06.30"]
[EventType "swiss"]
[EventRounds "9"]
[EventCountry "CZE"]
[SourceTitle "CBM 185 Extra"]
[Source "ChessBase"]
[SourceDate "2018.07.29"]
[SourceVersion "1"]
[SourceVersionDate "2018.07.29"]
[SourceQuality "1"]

1. e4 d5 2. exd5 Qxd5 3. Nc3 Qa5 4. Nf3 Nf6 5. Bc4 e6 6. 0-0 Be7 7. d4 0-0 8. Re1 c6 9. Bd3 h6 10. Bd2 Qc7 11. Ne5 Nbd7 12. Bf4 Bd6 13. Bg3 a6 14. Qf3 c5 15. Nxd7 Bxd7 16. dxc5 Bxg3 17. hxg3 Qxc5 18. Ne4 Nxe4 19. Qxe4 g6 20. Qxb7 Bc6 21. Qc7 Rfc8 22. Qf4 Kg7 23. Re5 Qe7 24. Rae1 Qf6 25. Qxf6+ Kxf6 26. Ra5 Bb5 27. Bxb5 axb5 28. Rxa8 Rxa8 29. a3 Rc8 30. c3 Kf5 31. f3 e5 32. Re4 h5 33. Kf2 g5 34. Rb4 Rc5 35. g4+ hxg4 36. fxg4+ Ke6 37. Ke3 Kd5 38. Kd3 f6 39. Ke3 Kc6 40. a4 bxa4 41. Rxa4 Rb5 42. b4 Kd5 43. Ra6 Kc4 44. Rc6+ Kb3 45. Rc5 Rb8 46. b5 Kc2 47. c4 Kc3 48. Rc6 Rd8 49. b6 Rd3+ 50. Ke4 Rd1 51. b7 Rb1 52. Rc7 Rb4 53. Kd5 Kd3 54. c5 e4 55. Kc6 e3 56. Rd7+ Kc4 57. Re7 Rb3 58. Rxe3 1-0